| 000 | 00456cam a2200193ua 4500 | ||
|---|---|---|---|
| 020 | _c2 | ||
| 041 |
_aeng _h |
||
| 082 |
_a891.43 _bRAJ/EK |
||
| 100 | _aRajendra , Yadav . | ||
| 245 |
_aE K Purush E K Nair / _cManu Bandari. _hTextual Documents |
||
| 250 |
_a1 / _b. |
||
| 260 |
_a : _bHind Pocket books Pvt Ltd , _c1979. |
||
| 300 | _a136 ; . | ||
| 365 | _a2 | ||
| 504 | _a | ||
| 700 | 1 | _aManu , Bandari . | |
| 942 | _cBK | ||
| 999 |
_c2934 _d2934 |
||